Animated TV Shows by Mug Quiz Stats

 Plays Quiz Updated May 30, 2016

Also try: Video Games by Mug
Challenge
Share
Tweet
Score 0/20 Timer 04:00
0 Plays Today
% Correct
The Smurfs
99.1%
Scooby-Doo, Where Are You!
93.7%
Tom & Jerry Series
90%
The Simpsons
89.9%
SpongeBob SquarePants
89.2%
Rugrats
86.3%
The Flintstones
84.9%
Beavis & Butt-Head
83.2%
American Dad!
80.5%
The Jetsons
78.8%
% Correct
Pinky & the Brain
74.4%
Dragon Ball Z
61%
Adventure Time
55.7%
Bob's Burgers
53.7%
Futurama
53.5%
South Park
49.6%
ThunderCats
48.6%
King of the Hill
48.2%
Darkwing Duck
38.6%
The Ren & Stimpy Show
36.1%

You're not logged in!

Compare scores with friends on all Sporcle quizzes.
OR
Log In

You Might Also Like...

Show Comments

Extras

Top Quizzes Today


Score Distribution

Your Account Isn't Verified!

In order to create a playlist on Sporcle, you need to verify the email address you used during registration. Go to your Sporcle Settings to finish the process.

Report this User

Report this user for behavior that violates our Community Guidelines.

Details: